[Event "Riazan-ch"]
[Site "Riazan"]
[Date "2010.04.??"]
[Round "?"]
[White "Madorsky, Felix"]
[Black "Zhuljaev, Anton"]
[Result "0-1"]
[WhiteElo "2112"]
[BlackElo "2016"]
[PlyCount "50"]
[EventDate "2010.04.??"]
[EventType "swiss"]
[EventRounds "11"]
[EventCountry "RUS"]
[SourceTitle "EXT 2011"]
[Source "ChessBase"]
[SourceDate "2010.11.26"]
[SourceVersion "1"]
[SourceVersionDate "2010.11.26"]
[SourceQuality "1"]

1. d4 Nf6 2. c4 g6 3. f3 c5 4. d5 Bg7 5. Nc3 0-0 6. e4 d6 7. Nge2 e6 8. Ng3 exd5 9. cxd5 Qa5 10. Bd2 Ne8 11. Be2 Nd7 12. Nf1 f5 13. exf5 Rxf5 14. Ne3 Rf7 15. 0-0 Qd8 16. f4 Bd4 17. Kh1 Ng7 18. Nc2 Nf6 19. Nb5 Bxb2 20. Rb1 Bd4 21. Nbxd4 cxd4 22. Nxd4 Ne4 23. Be1 Nf5 24. Qd3 Qe7 25. g4 Nc5 0-1

[Event "Riazan Region-ch"]
[Site "Riazan"]
[Date "2007.??.??"]
[Round "12"]
[White "Khromov, Pavel"]
[Black "Zhuljaev, Anton"]
[Result "1-0"]
[WhiteElo "2005"]
[BlackElo "2045"]
[PlyCount "43"]
[EventDate "2007.04.??"]
[EventType "swiss"]
[EventRounds "9"]
[EventCountry "RUS"]
[SourceTitle "EXT 2010"]
[Source "ChessBase"]
[SourceDate "2010.11.25"]
[SourceVersion "1"]
[SourceVersionDate "2010.11.25"]
[SourceQuality "1"]

1. e4 d5 2. exd5 Nf6 3. d4 Nxd5 4. c4 Nf6 5. Nf3 Bg4 6. Be3 e6 7. Nc3 Be7 8. Be2 0-0 9. 0-0 Na6 10. Ne5 Bxe2 11. Qxe2 c5 12. Rad1 Qa5 13. Ng4 Rfd8 14. d5 Nxg4 15. Qxg4 exd5 16. Nxd5 Bf8 17. Bg5 Rd6 18. Nf6+ Kh8 19. Rxd6 Bxd6 20. Qh4 gxf6 21. Bxf6+ Kg8 22. Qh6 1-0

[Event "Riazan Region-ch"]
[Site "Riazan"]
[Date "2007.??.??"]
[Round "1"]
[White "Stepovoj, Vladimir"]
[Black "Zhuljaev, Anton"]
[Result "1-0"]
[WhiteElo "2345"]
[BlackElo "2045"]
[PlyCount "99"]
[EventDate "2007.04.??"]
[EventType "swiss"]
[EventRounds "9"]
[EventCountry "RUS"]
[SourceTitle "EXT 2010"]
[Source "ChessBase"]
[SourceDate "2010.11.25"]
[SourceVersion "1"]
[SourceVersionDate "2010.11.25"]
[SourceQuality "1"]

1. e4 d5 2. exd5 Nf6 3. d4 Nxd5 4. Nf3 Bg4 5. Be2 e6 6. 0-0 Nc6 7. Re1 Nce7 8. c4 Nf6 9. Nc3 c6 10. h3 Bh5 11. Bg5 h6 12. Bxf6 gxf6 13. d5 e5 14. d6 Ng6 15. Ne4 Bg7 16. Nxe5 Nxe5 17. Bxh5 0-0 18. c5 f5 19. Ng3 Qg5 20. Be2 Ng6 21. Qd3 Nh4 22. Bf1 f4 23. Ne4 Qg6 24. Nc3 Qg5 25. Re4 Kh8 26. Rb4 f5 27. Ne2 Be5 28. Nxf4 a5 29. Ne6 Qf6 30. Rxh4 Qxh4 31. Nxf8 Rxf8 32. Rd1 Qf6 33. b3 Rd8 34. Qc4 b6 35. cxb6 Bxd6 36. g3 f4 37. Qd4 Qxd4 38. Rxd4 fxg3 39. b7 gxf2+ 40. Kh1 Rb8 41. Rxd6 Rxb7 42. Rxh6+ Kg7 43. Rxc6 a4 44. bxa4 Rb2 45. a5 Rxa2 46. a6 Kh7 47. Kg2 Kg7 48. Rb6 Rc2 49. a7 Ra2 50. Ra6 1-0

[Event "Riazan Region-ch"]
[Site "Riazan"]
[Date "2007.??.??"]
[Round "6"]
[White "Zhuljaev, Anton"]
[Black "Moiseev, Viktor"]
[Result "1/2-1/2"]
[WhiteElo "2045"]
[BlackElo "2415"]
[PlyCount "61"]
[EventDate "2007.04.??"]
[EventType "swiss"]
[EventRounds "9"]
[EventCountry "RUS"]
[SourceTitle "EXT 2010"]
[Source "ChessBase"]
[SourceDate "2010.11.25"]
[SourceVersion "1"]
[SourceVersionDate "2010.11.25"]
[SourceQuality "1"]

1. e4 c5 2. Nf3 d6 3. d4 cxd4 4. Nxd4 Nf6 5. Nc3 g6 6. f3 Bg7 7. Be3 0-0 8. Qd2 Nc6 9. 0-0-0 Bd7 10. g4 Rc8 11. h4 h5 12. Bh6 Nxd4 13. Bxg7 Kxg7 14. Qxd4 hxg4 15. h5 Rh8 16. fxg4 Bxg4 17. Be2 Bxe2 18. Nxe2 e5 19. Qxa7 Qc7 20. Nc3 Nxe4 21. hxg6 Nxc3 22. Rhf1 Nxa2+ 23. Kb1 Qxc2+ 24. Ka1 fxg6 25. Rxd6 Rhd8 26. Qxb7+ Rc7 27. Qf3 Qc1+ 28. Rxc1 Rxc1+ 29. Kxa2 Rxd6 30. Qe3 Rcc6 31. Qxe5+ 1/2-1/2